Glucuronic acid, free and combined (Record no. 9822)
[ view plain ]
| 000 -LEADER | |
|---|---|
| fixed length control field | 00426 a2200109 4500 |
| 005 - DATE AND TIME OF LATEST TRANSACTION | |
| control field | 20191017173123.0 |
| 084 ## - OTHER CLASSIFICATION NUMBER | |
| Classification number | QD305.A2 D87 1966 |
| 245 ## - TITLE STATEMENT | |
| Title | Glucuronic acid, free and combined |
| Remainder of title | : chemistry, biochemistry, pharmacology, and medicine |
| Medium | |
| 260 ## - PUBLICATION, DISTRIBUTION, ETC. | |
| Place of publication, distribution, etc. | nyu |
| Name of publisher, distributor, etc. | Academic Press |
| Date of publication, distribution, etc. | 1966 |
| 300 ## - PHYSICAL DESCRIPTION | |
| Extent | xviii, 629 p. illus. 24 cm. |
| Other physical details | xviii, 629 p. illus. 24 cm. |
| Dimensions | xviii, 629 p. illus. 24 cm. |
| 500 ## - GENERAL NOTE | |
| General note | edited by Geoffrey J. Dutton. |
| 700 ## - ADDED ENTRY--PERSONAL NAME | |
| Personal name | Dutton, G. F. |
No items available.